| 000 | 00776cam a2200253 a 4500 | ||
|---|---|---|---|
| 001 | 2614041 | ||
| 005 | 20240130001324.0 | ||
| 008 | 980112s1998 enk b 001 0 eng | ||
| 020 | _a0415171369 (alk. paper) | ||
| 020 | _a0415171377 (pbk : alk. paper) | ||
| 040 |
_aDLC _cDLC _dDLC |
||
| 082 | 0 | 0 |
_a305.42 _221 _bWOM. |
| 100 | 1 | _aWilford, Rick, | |
| 245 | 1 | 0 |
_aWomen, ethnicity and nationalism : _bthe politics of transition / _cRick Wilford and Robert L. Miller. |
| 260 |
_aLondon ; _aNew York : _bRoutledge, _c1998. |
||
| 300 | _ax, 212 p. ; | ||
| 650 | 0 | _aWomen | |
| 650 | 0 | _aWomen | |
| 650 | 0 | _aEthnic relations. | |
| 650 | 0 | _aNationalism. | |
| 700 | 1 |
_aMiller, Robert L. _eedt |
|
| 856 | 4 | 2 | _uhttp://www.loc.gov/catdir/enhancements/fy0649/98009381-d.html |
| 942 | _cL | ||
| 999 |
_c218 _d218 |
||